7 divov sveta Vojtecha Zamarovského výberová personálna bibliografia slovenského spisovateľa, prekladateľa a archeológa

Bibliographic Details
Other Authors: Šulajová, Eva (Compiler)
Format: Book
Language:Slovak
PhysicalDescription:31 s. 20 cm
Published: Bratislava Mestská knižnica v Bratislave 1999
Subjects:

MARC

LEADER 00000nam a2200000 a 4500
001 vtls001381082
003 SK-MaSNL
005 20260302000729.0
008 240226s1999 xo f b 001 0 slo
015 |a SNBSAB1999-00084 
035 |a SNK000335089 
035 |a urn:nbn:sk:snk-amjcq5 
035 |a urn:nbn:sk:snk-am002hao 
035 |a 030088CE-A4BB-418C-A2B4-3376848A480C 
040 |a SNK  |b slo  |c SNK  |e AACR2 
041 0 |a slo 
044 |a xo  |c SK 
080 |a 82:929:885.4:012  |2 1981 
080 |a 885.4  |2 1981 
080 |a 012  |2 1981 
080 |a 929 Zamarovský, Vojtech  |2 1981 
245 0 0 |a 7 divov sveta Vojtecha Zamarovského  |b výberová personálna bibliografia slovenského spisovateľa, prekladateľa a archeológa  |c [zostavila: Eva Šulajová ; zodpovedná redaktorka: Ivica Jurášová] 
246 3 |a Sedem divov sveta Vojtecha Zamarovského 
260 |a Bratislava  |b Mestská knižnica v Bratislave  |c 1999 
300 |a 31 s.  |c 20 cm 
366 |e 50 výt. 
500 |a Údaj o zost. je prevzatý z tiráže 
500 |a Brožovaná 
504 |a Reg. názv. Lit. 103 zázn. o čl. a kn. v slov. 
600 1 |a Zamarovský, Vojtech,  |d 1919-2006  |2 SNK  |9 99371 
700 1 |a Šulajová, Eva  |4 com  |9 267032 
852 |a Štátna vedecká knižnica v Banskej Bystrici 
999 |c 980847  |d 982777 
952 |t P60, <03>, [BOOK], {603}  |a SNK  |b SNK  |y PREZ  |7 0  |p 17A0224675  |o snkSD 70560  |i snkKSP 730/2000  |0 0  |1 0  |4 0  |d 2000-01-19  |l 0  |r 2005-01-02 00:00:00  |w 2026-02-24 
952 |t P60, <04>, [BOOK], {604}  |a SNK  |b SNK  |y VYP  |7 0  |p 17A0224676  |o snkSD 70560 D1  |i snkKSP 731/2000  |0 0  |1 0  |4 0  |d 2000-01-19  |f 1  |l 0  |r 2005-01-02 00:00:00  |w 2026-02-24